Dates du premier Moyen-âge en Europe - Statistiques

Statistiques générales
  • Ce quiz a été pris 232 fois
  • Le résultat moyen est 11 sur 47
Statistiques - réponses
Hint Réponse % Correct
Fin de l'empire romain d'occident 476
70%
Baptême de Clovis 498
59%
Édit de milan par Constantin 1er 313
55%
Victoire de Charles Martel à Poitier 732
52%
Concile de Nicée 325
51%
Mort de Théodose. Partage entre Arcadius (orient) et Honorius (occident) 395
48%
Sac de rome par Alaric (Wisigoth) 410
45%
Sacre royal de Pepin III dit le bref à Soisson par les évêques 751
41%
Traité de Verdun, partage de l'empire de Charlemagne 843
39%
Attila chef des huns en gaule 451
38%
Sacre royal de Pepin le Bref à Saint-Denis par le pape Etienne II 754
38%
Charlemagne seul roi des francs 771
30%
Guillaume duc de Normandie conquiert l’Angleterre 1066
29%
Wisigoth en aquitaine et peninsule ibérique 418
29%
Début de la domination des Ostrogoth en Italie 493
27%
Courronement de Hugues Capet, roi de Francie Occidentale 987
27%
Prise de Jérusalem par les Croisés 1099
25%
Capitulaire d'Aix, règle bénédictine imposé dans tous les monastères de l'empire 817
25%
Schisme entre l’Église d’Orient et l’Église d’Occident 1054
24%
Mort de saint augustin 430
24%
Charlemagne empereur d'occident 800-814
21%
Fondation du monastère de Cluny 909
21%
Concile de Clermont en Auvergne, appel du pape Urbain II à la Ire croisade 1095
19%
Dagobert roi des francs 629-639
19%
Traité de saint Clair sur Epte 911
19%
Échec des vikings devant Paris 885
18%
Fondation du monastère du Mont Cassin, règle de saint Benoît 529
17%
Début des invasions lombardes 568
16%
Grégoire le grand pape 590-604
15%
Règne de l'empereur Justinien 527-565
14%
Début du culte de saint Jacques de Compostelle en Galice 900
14%
Restauration de l'empire par Otton 1er 962
14%
L’empereur Henri IV s’humilie devant le pape Grégoire VII à Canossa 1077
13%
Fondation de Cîteaux par Robert de Molesmes 1098
13%
Installation des Danois en Angleterre 878
13%
« Concordat » de Worms 1122
12%
Saint Bernard entre à Cîteaux 1112
9%
Raids viking le long des côtes continentales de l'empire 840-875
8%
Début de la mission l'évangélisation des slaves par Cyrille et Méthode 864
8%
Grands raids hongrois en occident 900-955
7%
Concile de Paix de Charroux (Poitou), baptême du prince Vladimir de Kiev 989
7%
Rédaction du Domesday Book 1086
6%
Fondation de la Chartreuse par saint Bruno 1084
5%
Prise de Tolède par Alphonse VI de Castille 1085
5%
Fondation de Fontevraud par Robert d’Arbrissel 1101
4%
Pontificat de Grégoire VII 1073-1085
3%
Règne d’Édouard le Confesseur 1042-1066
1%
Aucun quiz correspondant
Distribution des résultats
% des personnes avec chaque résultat
Percentile par nombre de réponses
Votre historique - résultats
Vous n’avez pas pris ce quiz